Statistiques concernant Les villes les plus peuplées de Haute-Normandie

Cliquez ici pour prendre le quiz!

Statistiques générales

  • Ce quiz a été pris 306 fois
  • Le résultat moyen est 9 sur 20

Statistiques - réponses

PopulationVille% Correct
106 560Rouen
99%
190 924Le Havre
97%
51 159Évreux
83%
34 644Dieppe
80%
21 028Fécamp
62%
24 063Vernon
50%
16 678Elbeuf
48%
21 265Mont-Saint-Aignan
48%
29 090Saint-Étienne-du-Rouvray
48%
29 549Sotteville-lès-Rouen
45%
26 688Le Grand-Quevilly
43%
22 329Le Petit-Quevilly
42%
18 328Louviers
33%
12 775Barentin
28%
15 428Canteleu
27%
13 250Val-de-Reu
27%
11 972Bois-Guillaume
26%
12 408Maromme
24%
12 591Bolbec
21%
16 553Montivilliers
18%

Distribution des résultats

Percentile par nombre de réponses

% des personnes avec chaque résultat

Votre développement - résultats

Vous n’avez pas pris ce quiz